000
00301nam a2200133Ia 4500
008
191201s2011 xx 000 0 und d
100
_a
HAMPTON, John J
245
0
_a
Financial Decision Making
250
_a
4th
260
_a
New Delhi
_b
PHI
_c
2011
300
_a
550
650
_a
BBA
942
_2
ddc
_c
BK
999
_c
5969
_d
5969